000 00529cam a2200169 a 4500
020 _a0521413540
020 _a0521424089 (pbk.)
040 _cDLC
082 0 0 _a330 CAM 1999 A063 Or.
100 1 _aSpanos, Aris,
245 1 0 _aProbability theory and statistical inference :
_beconometric modeling with observational data /
260 _aCambridge, UK ;
_aNew York, NY, USA :
_bCambridge University Press,
_cc1999
300 _axxvii, 815 p. :
_bill. ;
_c25 cm
650 0 _aEconometrics
650 0 _aProbabilities
942 _cEK
999 _c15363
_d15363